[Event "AUT-ch Zwisch Internet"]
[Site "Playchess.com INT"]
[Date "2020.05.02"]
[Round "4"]
[White "Bachler, Reinhard"]
[Black "Hebesberger, Thomas"]
[Result "1-0"]
[WhiteElo "2143"]
[BlackElo "2244"]
[PlyCount "57"]
[EventDate "2020.05.02"]
[EventType "swiss (blitz)"]
[EventRounds "13"]
[EventCountry "AUT"]
[SourceTitle "CBM 195 Extra"]
[Source "ChessBase"]
[SourceDate "2020.05.31"]
[SourceVersion "1"]
[SourceVersionDate "2020.05.31"]
[SourceQuality "1"]

1. f4 c5 2. g3 g6 3. Nh3 Bg7 4. Nf2 Nc6 5. Bg2 d5 6. 0-0 e6 7. d3 Nge7 8. c3 0-0 9. e4 b6 10. Qe2 Ba6 11. e5 Qc7 12. Re1 Rae8 13. g4 b5 14. a3 Bb7 15. Nd2 a5 16. Nf3 b4 17. Bd2 bxc3 18. bxc3 Ba6 19. Qe3 d4 20. cxd4 Nd5 21. Qe4 cxd4 22. Nxd4 Nxd4 23. Qxd4 Rd8 24. Qa4 g5 25. Bxa5 Qa7 26. Bxd8 Rxd8 27. fxg5 Nc3 28. Qa5 Bf8 29. Qxd8 1-0

[Event "AUT-ch Zwisch Internet"]
[Site "Playchess.com INT"]
[Date "2020.05.02"]
[Round "2"]
[White "Bachler, Reinhard"]
[Black "Lerch, Johannes"]
[Result "1-0"]
[WhiteElo "2143"]
[BlackElo "2005"]
[PlyCount "99"]
[EventDate "2020.05.02"]
[EventType "swiss (blitz)"]
[EventRounds "13"]
[EventCountry "AUT"]
[SourceTitle "CBM 195 Extra"]
[Source "ChessBase"]
[SourceDate "2020.05.31"]
[SourceVersion "1"]
[SourceVersionDate "2020.05.31"]
[SourceQuality "1"]

1. f4 d5 2. Nf3 Nf6 3. g3 c5 4. Bg2 Nc6 5. 0-0 e6 6. d3 Bd6 7. Nc3 a6 8. e4 Bc7 9. exd5 Nxd5 10. Nxd5 exd5 11. Re1+ Ne7 12. Qe2 Bd6 13. b3 0-0 14. Bb2 Bd7 15. Ne5 Re8 16. Nxd7 Qxd7 17. Qh5 d4 18. Bh3 Qc6 19. Re4 Ng6 20. Rae1 Nf8 21. Bg2 Qd7 22. Qd5 Ne6 23. Bh3 Rad8 24. Bxe6 fxe6 25. Rxe6 Rxe6 26. Qxe6+ Qxe6 27. Rxe6 Kf7 28. Re2 b5 29. Kf2 g6 30. Kf3 Kf6 31. h3 Kf7 32. Re4 Re8 33. Rxe8 Kxe8 34. Ke4 Ke7 35. Kd5 Kd7 36. Bc1 h5 37. g4 hxg4 38. hxg4 Be7 39. f5 gxf5 40. gxf5 Bf8 41. Bf4 Be7 42. Be5 Bf8 43. f6 a5 44. a4 bxa4 45. bxa4 Ke8 46. Ke6 c4 47. dxc4 Bb4 48. f7+ Kf8 49. Bxd4 Bc3 50. Bc5+ 1-0

[Event "AUT-ch Zwisch Internet"]
[Site "Playchess.com INT"]
[Date "2020.05.02"]
[Round "11"]
[White "Bachler, Reinhard"]
[Black "Peyrer, Konstantin"]
[Result "0-1"]
[WhiteElo "2143"]
[BlackElo "2265"]
[PlyCount "67"]
[EventDate "2020.05.02"]
[EventType "swiss (blitz)"]
[EventRounds "13"]
[EventCountry "AUT"]
[SourceTitle "CBM 195 Extra"]
[Source "ChessBase"]
[SourceDate "2020.05.31"]
[SourceVersion "1"]
[SourceVersionDate "2020.05.31"]
[SourceQuality "1"]

1. f4 Nc6 2. Nf3 d6 3. g3 e5 4. fxe5 dxe5 5. e4 Nf6 6. Nc3 Bc5 7. d3 h6 8. h3 Nh5 9. g4 Ng3 10. Rh2 Nxf1 11. Kxf1 h5 12. g5 Be6 13. Qe2 Nd4 14. Nxd4 exd4 15. Nd1 Qd7 16. Nf2 0-0-0 17. Bf4 f6 18. h4 fxg5 19. Bxg5 Rdf8 20. Kg1 Qb5 21. b3 Bd6 22. Rg2 Rf7 23. a4 Qe5 24. Rf1 Rhf8 25. Qxh5 Bh3 26. Qe2 Bxg2 27. Qg4+ Kb8 28. Qxg2 Qg3 29. Qxg3 Bxg3 30. Kg2 Bxf2 31. e5 Be3 32. e6 Rxf1 33. e7 Re8 34. Kxf1 0-1

[Event "AUT-ch Zwisch Internet"]
[Site "Playchess.com INT"]
[Date "2020.05.02"]
[Round "12"]
[White "Sommerbauer, Norbert"]
[Black "Bachler, Reinhard"]
[Result "1-0"]
[WhiteElo "2395"]
[BlackElo "2143"]
[PlyCount "75"]
[EventDate "2020.05.02"]
[EventType "swiss (blitz)"]
[EventRounds "13"]
[EventCountry "AUT"]
[SourceTitle "CBM 195 Extra"]
[Source "ChessBase"]
[SourceDate "2020.05.31"]
[SourceVersion "1"]
[SourceVersionDate "2020.05.31"]
[SourceQuality "1"]

1. Nf3 d5 2. c4 d4 3. b4 e6 4. Bb2 c5 5. e3 dxe3 6. fxe3 cxb4 7. d4 Nf6 8. Bd3 Be7 9. 0-0 0-0 10. e4 Ng4 11. Qe2 Nc6 12. h3 Nh6 13. Nbd2 f5 14. e5 Bg5 15. Nxg5 Qxg5 16. Nf3 Qg3 17. d5 Ne7 18. d6 Ng6 19. Qf2 Qxf2+ 20. Rxf2 Bd7 21. g3 Rfc8 22. Re1 a5 23. Bd4 Nf7 24. c5 h5 25. h4 Nf8 26. Nd2 Bc6 27. Nc4 Bd5 28. Nb6 Rab8 29. Nxd5 exd5 30. e6 Nh6 31. Bb5 Ng6 32. e7 Kf7 33. d7 Nxe7 34. dxc8Q Rxc8 35. Bxg7 Ng4 36. Rfe2 Ng6 37. Bd4 f4 38. Be8+ 1-0

[Event "AUT-ch Vor4 Internet"]
[Site "Playchess.com INT"]
[Date "2020.04.25"]
[Round "9"]
[White "Tauber, Andreas"]
[Black "Bachler, Reinhard"]
[Result "0-1"]
[WhiteElo "1972"]
[BlackElo "2143"]
[PlyCount "66"]
[EventDate "2020.04.25"]
[EventType "swiss (blitz)"]
[EventRounds "9"]
[EventCountry "AUT"]
[SourceTitle "EXT 2021"]
[Source "ChessBase"]
[SourceDate "2020.10.23"]
[SourceVersion "1"]
[SourceVersionDate "2020.10.23"]
[SourceQuality "1"]

1. e4 c5 2. Nf3 d6 3. d4 cxd4 4. Nxd4 Nf6 5. Nc3 a6 6. Be2 e5 7. Nb3 Be6 8. f4 Nbd7 9. Be3 Rc8 10. 0-0 Rxc3 11. bxc3 Nxe4 12. fxe5 Nxc3 13. Qd2 Nxe2+ 14. Qxe2 Nxe5 15. Nd2 Qc7 16. Bd4 Be7 17. Rae1 Bf6 18. Kh1 Qxc2 19. Rc1 Qxa2 20. Rc7 Qd5 21. Ne4 Qxd4 22. Rd1 Qb6 23. Nxd6+ Kf8 24. Qc2 g6 25. Rxb7 Qa5 26. Rb8+ Kg7 27. Ne8+ Rxe8 28. Rxe8 Bf5 29. Qf2 Qa4 30. Red8 Ng4 31. Qd2 Bxd8 32. Qxd8 Nf2+ 33. Kg1 Qxd1+ 0-1

[Event "AUT-ch Vor1 Internet"]
[Site "Playchess.com INT"]
[Date "2020.04.11"]
[Round "7"]
[White "Bachler, Reinhard"]
[Black "Poecksteiner, Johann"]
[Result "0-1"]
[WhiteElo "2143"]
[BlackElo "2155"]
[PlyCount "106"]
[EventDate "2020.04.11"]
[EventType "swiss (blitz)"]
[EventRounds "9"]
[EventCountry "AUT"]
[SourceTitle "CBM 195 Extra"]
[Source "ChessBase"]
[SourceDate "2020.05.31"]
[SourceVersion "1"]
[SourceVersionDate "2020.05.31"]
[SourceQuality "1"]

1. f4 Nf6 2. Nf3 g6 3. g3 Bg7 4. Bg2 0-0 5. d3 d5 6. 0-0 c5 7. c3 Nc6 8. Qc2 Qd6 9. e4 dxe4 10. dxe4 e5 11. f5 b6 12. Na3 Ba6 13. Rd1 Qc7 14. Nh4 Rad8 15. Bg5 Rxd1+ 16. Rxd1 Rd8 17. Bf1 Rxd1 18. Qxd1 Bxf1 19. Kxf1 Nxe4 20. Be3 Ne7 21. Qd3 Nd6 22. fxg6 hxg6 23. Nc4 Nxc4 24. Qxc4 Qd7 25. Kf2 Bf6 26. Nf3 Qf5 27. Kg2 g5 28. Qe2 Qe4 29. Kf2 g4 30. Nd2 Qf5+ 31. Kg2 Nd5 32. Bg1 Bg5 33. Ne4 b5 34. Nd6 Qe6 35. Nxb5 e4 36. c4 Nb4 37. Bxc5 Nd3 38. Be3 Be7 39. Nd4 Qd7 40. b3 f5 41. Nb5 a6 42. Nc3 Ne5 43. Nd5 Bd8 44. Bd4 Nf3 45. Qe3 Qh7 46. h4 gxh3+ 47. Kh1 Qg6 48. Qf2 Bg5 49. Nf4 Bxf4 50. gxf4 Kf7 51. Be3 Qd6 52. c5 Qd1+ 53. Qg1 Nxg1 0-1

[Event "Graz op-A"]
[Site "Graz"]
[Date "2019.02.17"]
[Round "1"]
[White "Sanal, Vahap"]
[Black "Bachler, Reinhard"]
[Result "1-0"]
[WhiteElo "2497"]
[BlackElo "2173"]
[PlyCount "72"]
[EventDate "2019.02.17"]
[EventType "swiss"]
[EventRounds "9"]
[EventCountry "AUT"]
[SourceTitle "CBM 189 Extra"]
[Source "ChessBase"]
[SourceDate "2019.06.03"]
[SourceVersion "1"]
[SourceVersionDate "2019.06.03"]
[SourceQuality "1"]

1. e4 c5 2. Nf3 d6 3. d4 cxd4 4. Nxd4 Nf6 5. Nc3 a6 6. Bg5 e6 7. f4 Nbd7 8. Qe2 h6 9. Bh4 Qa5 10. 0-0-0 Qh5 11. Qe1 g5 12. fxg5 hxg5 13. Bg3 Ne5 14. Be2 Qg6 15. Nf3 Nfd7 16. Kb1 Be7 17. h3 b5 18. Rf1 Bb7 19. Bxe5 Nxe5 20. Nxe5 dxe5 21. Qf2 Bc8 22. Qb6 0-0 23. Qc7 Bf6 24. Bh5 Qxh5 25. Rxf6 b4 26. g4 Qxh3 27. Qxe5 bxc3 28. Qxg5+ Kh7 29. Rff1 f6 30. Qc5 Kg8 31. Rh1 Qf3 32. Rh8+ Kxh8 33. Qxf8+ Kh7 34. Qf7+ Kh6 35. g5+ Kxg5 36. Qg7+ Kh5 1-0

[Event "Steyr Landesliga 1516"]
[Site "Austria"]
[Date "2016.01.23"]
[Round "6.4"]
[White "Bachler, Reinhard"]
[Black "Steiner, Stefan"]
[Result "0-1"]
[WhiteElo "2158"]
[BlackElo "2305"]
[PlyCount "74"]
[EventDate "2015.09.26"]
[EventType "team-tourn"]
[EventRounds "11"]
[EventCountry "AUT"]
[SourceTitle "CBM 170 Extra"]
[Source "ChessBase"]
[SourceDate "2016.02.25"]
[SourceVersion "1"]
[SourceVersionDate "2016.02.25"]
[SourceQuality "1"]
[WhiteTeam "Leoben"]
[BlackTeam "Frauental Strassenbahn"]
[WhiteTeamCountry "AUT"]
[BlackTeamCountry "AUT"]

1. f4 d5 2. g3 Nf6 3. Nh3 c6 4. Nf2 Nbd7 5. d3 e5 6. e4 Bc5 7. Qf3 Bxf2+ 8. Kxf2 dxe4 9. dxe4 Nc5 10. Kg2 exf4 11. Qxf4 0-0 12. Nc3 Re8 13. Bd3 Nxd3 14. cxd3 Qxd3 15. Rd1 Qa6 16. Be3 Be6 17. Kg1 Qa5 18. Qg5 Qxg5 19. Bxg5 Ng4 20. Bf4 f6 21. Rd6 g5 22. Bc1 Rad8 23. Rxd8 Rxd8 24. a4 Kf7 25. a5 Bb3 26. h3 Ne5 27. Be3 a6 28. Ra3 Bc2 29. Bc1 Nc4 30. Ra1 Rd7 31. Kf2 Rd3 32. Na4 Rd1 33. Nc5 Ne5 34. b4 Nd3+ 35. Nxd3 Bxd3 36. Ke3 Bb5 37. Bb2 Rd3+ 0-1

[Event "Graz Casino op-A"]
[Site "Graz"]
[Date "2014.02.16"]
[Round "4"]
[White "Froewis, Annika"]
[Black "Bachler, Reinhard"]
[Result "0-1"]
[WhiteElo "2021"]
[BlackElo "2205"]
[PlyCount "138"]
[EventDate "2014.02.14"]
[EventType "swiss"]
[EventRounds "9"]
[EventCountry "AUT"]
[SourceTitle "CBM 158 Extra"]
[Source "ChessBase"]
[SourceDate "2014.02.28"]
[SourceVersion "1"]
[SourceVersionDate "2014.02.28"]
[SourceQuality "1"]

1. e4 c5 2. Nf3 d6 3. d4 cxd4 4. Nxd4 Nf6 5. Nc3 a6 6. Be3 e5 7. Nb3 Be6 8. f3 Nbd7 9. Qd2 Rc8 10. 0-0-0 Nb6 11. g4 h6 12. h4 Nfd7 13. Kb1 Qc7 14. Rg1 h5 15. Qf2 Nc4 16. Bxc4 Qxc4 17. g5 Be7 18. f4 exf4 19. Bxf4 Ne5 20. Rd4 Qc7 21. Nd5 Bxd5 22. Rxd5 Ng6 23. Bg3 Ne5 24. c3 g6 25. Qd4 0-0 26. Bxe5 dxe5 27. Qxe5 Qxe5 28. Rxe5 Bd6 29. Rd5 Bh2 30. Rg2 Bf4 31. Nc5 Rfe8 32. Nd7 Kg7 33. e5 Re7 34. Re2 Bg3 35. Re4 Rd8 36. Rd3 Bxh4 37. Rxh4 Rdxd7 38. Rxd7 Rxd7 39. Kc2 Kf8 40. c4 Ke7 41. Rf4 Ke6 42. b4 Kxe5 43. Rf6 h4 44. a4 h3 45. Rf3 Rd4 46. Rxh3 Rxc4+ 47. Kb3 b5 48. Rh8 a5 49. bxa5 Rxa4 50. Rf8 Ke6 51. Re8+ Kf5 52. Re7 Kxg5 53. Rxf7 Rxa5 54. Kb4 Ra2 55. Kxb5 Kg4 56. Kc4 Ra3 57. Kd4 Rf3 58. Rg7 g5 59. Ke4 Rf8 60. Ke3 Kh4 61. Ke2 g4 62. Rh7+ Kg3 63. Rg7 Kh3 64. Rh7+ Kg2 65. Re7 g3 66. Re6 Kg1 67. Rg6 g2 68. Rg7 Re8+ 69. Kd2 Re5 0-1

[Event "Steyr Landesliga 1112"]
[Site "Austria"]
[Date "2012.01.21"]
[Round "7.2"]
[White "Watzka, Horst"]
[Black "Bachler, Reinhard"]
[Result "1/2-1/2"]
[WhiteElo "2253"]
[BlackElo "2208"]
[PlyCount "49"]
[EventDate "2011.09.24"]
[EventType "team-tourn"]
[EventRounds "11"]
[EventCountry "AUT"]
[SourceTitle "EXT 2013"]
[Source "ChessBase"]
[SourceDate "2012.11.22"]
[SourceVersion "1"]
[SourceVersionDate "2012.11.22"]
[SourceQuality "1"]
[WhiteTeam "Gleisdorf"]
[BlackTeam "Leoben"]
[WhiteTeamCountry "AUT"]
[BlackTeamCountry "AUT"]

1. e4 c5 2. Nf3 d6 3. Nc3 a6 4. d4 cxd4 5. Nxd4 Nf6 6. g3 b5 7. Bg2 Bb7 8. 0-0 e5 9. Nb3 b4 10. Nd5 Nxd5 11. exd5 Be7 12. Qg4 Bf6 13. Qxb4 Qc7 14. Na5 Bc8 15. Be3 Nd7 16. Nc6 a5 17. Qd2 a4 18. c4 Bb7 19. Rac1 0-0 20. Rfd1 Rfe8 21. Bg5 Bxg5 22. Qxg5 Bxc6 23. dxc6 Nc5 24. Qd2 Rad8 25. Rc3 1/2-1/2

[Event "AUT-ch"]
[Site "Linz"]
[Date "2011.07.29"]
[Round "7"]
[White "Denk, Adolf"]
[Black "Bachler, Reinhard"]
[Result "0-1"]
[WhiteElo "2292"]
[BlackElo "2209"]
[PlyCount "54"]
[EventDate "2011.07.23"]
[EventType "swiss"]
[EventRounds "9"]
[EventCountry "AUT"]
[SourceTitle "CBM 143 Extra"]
[Source "ChessBase"]
[SourceDate "2011.08.29"]
[SourceVersion "1"]
[SourceVersionDate "2011.08.29"]
[SourceQuality "1"]

1. c4 f5 2. g3 Nf6 3. Bg2 g6 4. Nf3 Bg7 5. 0-0 0-0 6. Nc3 d6 7. d4 Nc6 8. d5 Na5 9. Nd2 c5 10. Re1 a6 11. a4 Bd7 12. e3 Ne8 13. f4 Nc7 14. Qe2 Re8 15. Ra3 e5 16. e4 exf4 17. gxf4 b6 18. Qf1 fxe4 19. Ndxe4 Bf5 20. Bd2 Qd7 21. Ng3 Rxe1 22. Bxe1 Re8 23. Nd1 Nxc4 24. Ra2 Bd3 25. Qxd3 Rxe1+ 26. Nf1 Qg4 27. Qxc4 Qxd1 0-1

[Event "AUT-ch"]
[Site "Linz"]
[Date "2011.07.24"]
[Round "2"]
[White "Bachler, Reinhard"]
[Black "Fruehauf, Norbert"]
[Result "1-0"]
[WhiteElo "2209"]
[BlackElo "2083"]
[PlyCount "51"]
[EventDate "2011.07.23"]
[EventType "swiss"]
[EventRounds "9"]
[EventCountry "AUT"]
[SourceTitle "CBM 143 Extra"]
[Source "ChessBase"]
[SourceDate "2011.08.29"]
[SourceVersion "1"]
[SourceVersionDate "2011.08.29"]
[SourceQuality "1"]

1. f4 d5 2. Nf3 Bg4 3. e3 Nd7 4. h3 Bxf3 5. Qxf3 c6 6. d4 e6 7. Bd3 f5 8. g4 Qh4+ 9. Ke2 Qf6 10. Nd2 Bd6 11. c4 dxc4 12. Nxc4 Bc7 13. b4 Ne7 14. Bd2 Nd5 15. Ne5 g6 16. gxf5 exf5 17. b5 Bxe5 18. fxe5 Nxe5 19. dxe5 Qxe5 20. bxc6 bxc6 21. Rac1 Kd7 22. Bc4 Rhe8 23. Bxd5 cxd5 24. Rc5 Kd6 25. Rhc1 Rad8 26. Rc7 1-0

[Event "AUT-ch"]
[Site "Jenbach"]
[Date "2009.07.29"]
[Round "5"]
[White "Bachler, Reinhard"]
[Black "Wagner, Stefan"]
[Result "1/2-1/2"]
[WhiteElo "2226"]
[BlackElo "2096"]
[PlyCount "57"]
[EventDate "2009.07.25"]
[EventType "swiss"]
[EventRounds "9"]
[EventCountry "AUT"]
[SourceTitle "CBM 131 Extra"]
[Source "ChessBase"]
[SourceDate "2009.09.03"]
[SourceVersion "2"]
[SourceVersionDate "2009.09.16"]
[SourceQuality "1"]

1. f4 e5 2. fxe5 d6 3. exd6 Bxd6 4. Nf3 g5 5. g3 g4 6. Nh4 Ne7 7. d4 Ng6 8. Nxg6 hxg6 9. Qd3 Nc6 10. c3 Bf5 11. e4 Qe7 12. Bg2 0-0-0 13. Be3 Bd7 14. Bf2 f5 15. Nd2 fxe4 16. Nxe4 Bf5 17. 0-0-0 Qf7 18. Nxd6+ Rxd6 19. Be4 Bxe4 20. Qxe4 Qxa2 21. d5 Na5 22. h4 gxh3 23. Rxh3 Rhd8 24. Rh6 Nb3+ 25. Kc2 Na1+ 26. Kc1 Nb3+ 27. Kc2 Na1+ 28. Kc1 Nb3+ 29. Kc2 1/2-1/2

[Event "AUT-ch"]
[Site "Jenbach"]
[Date "2009.07.25"]
[Round "1"]
[White "Bachler, Reinhard"]
[Black "Anfang, Max"]
[Result "1-0"]
[WhiteElo "2226"]
[BlackElo "2008"]
[PlyCount "93"]
[EventDate "2009.07.25"]
[EventType "swiss"]
[EventRounds "9"]
[EventCountry "AUT"]
[SourceTitle "CBM 131 Extra"]
[Source "ChessBase"]
[SourceDate "2009.09.03"]
[SourceVersion "2"]
[SourceVersionDate "2009.09.16"]
[SourceQuality "1"]

1. f4 Nf6 2. Nf3 e6 3. e3 b6 4. b3 Bb7 5. Bb2 Be7 6. Be2 d6 7. 0-0 Nbd7 8. Qe1 0-0 9. Qg3 Be4 10. d3 Bxf3 11. Bxf3 d5 12. Nd2 c5 13. e4 Qc7 14. exd5 exd5 15. Bxd5 Rad8 16. Rae1 Nh5 17. Qf3 Nhf6 18. Rxe7 Qd6 19. Rxd7 Rxd7 20. Bc6 Re7 21. Be5 Qe6 22. Bb5 Ng4 23. Bc3 Nh6 24. Ne4 Nf5 25. Qf2 Rd8 26. Ng3 Nd4 27. Re1 Qf6 28. Ne4 Qh6 29. Bc4 Kf8 30. f5 f6 31. a4 Re5 32. Bxd4 Rxd4 33. h3 Qh5 34. Rf1 Qh6 35. Kh2 Qh5 36. g4 Qe8 37. Qf4 h6 38. Rf2 Qc6 39. Re2 Qe8 40. h4 Qc8 41. Be6 Qd8 42. g5 hxg5 43. hxg5 Qd6 44. Qg3 fxg5 45. Nxd6 Rxe2+ 46. Kg1 Rf4 47. Qxg5 1-0

[Event "AUT-chT2M 0809"]
[Site "Austria"]
[Date "2009.03.29"]
[Round "11.4"]
[White "Rolletschek, Heinrich"]
[Black "Bachler, Reinhard"]
[Result "1-0"]
[WhiteElo "2222"]
[BlackElo "2241"]
[PlyCount "85"]
[EventDate "2008.10.11"]
[EventType "team-tourn"]
[EventRounds "11"]
[EventCountry "AUT"]
[SourceTitle "EXT 2010"]
[Source "ChessBase"]
[SourceDate "2010.11.25"]
[SourceVersion "1"]
[SourceVersionDate "2010.11.25"]
[SourceQuality "1"]
[WhiteTeam "Voecklabruck"]
[BlackTeam "Leoben"]
[WhiteTeamCountry "AUT"]
[BlackTeamCountry "AUT"]

1. e4 c5 2. Nf3 d6 3. d4 cxd4 4. Nxd4 Nf6 5. Nc3 a6 6. g3 Bg4 7. f3 Bd7 8. Bg2 Nc6 9. Be3 Rc8 10. Nxc6 Bxc6 11. 0-0 e6 12. a4 d5 13. exd5 Nxd5 14. Nxd5 Qxd5 15. Qxd5 Bxd5 16. Rf2 Be7 17. Rd2 Bf6 18. c3 0-0 19. f4 Bxg2 20. Kxg2 Rfd8 21. Rad1 Rxd2+ 22. Rxd2 h5 23. Rd7 Rc4 24. a5 Ra4 25. Rxb7 Rxa5 26. Kf3 Rb5 27. Rxb5 axb5 28. Ke4 Kf8 29. Bd4 Ke7 30. b3 Kd6 31. h3 Bxd4 32. Kxd4 f6 33. g4 hxg4 34. hxg4 Kc6 35. b4 Kd6 36. c4 Kc6 37. cxb5+ Kxb5 38. Kc3 e5 39. fxe5 fxe5 40. g5 e4 41. Kd4 Kxb4 42. Kxe4 Kc4 43. Kf5 1-0

[Event "AUT-chT2M 0809"]
[Site "Austria"]
[Date "2009.02.01"]
[Round "6.5"]
[White "Poetz, Florian"]
[Black "Bachler, Reinhard"]
[Result "1-0"]
[WhiteElo "2227"]
[BlackElo "2241"]
[PlyCount "35"]
[EventDate "2008.10.11"]
[EventType "team-tourn"]
[EventRounds "11"]
[EventCountry "AUT"]
[SourceTitle "EXT 2010"]
[Source "ChessBase"]
[SourceDate "2010.11.25"]
[SourceVersion "1"]
[SourceVersionDate "2010.11.25"]
[SourceQuality "1"]
[WhiteTeam "Fuerstenfeld"]
[BlackTeam "Leoben"]
[WhiteTeamCountry "AUT"]
[BlackTeamCountry "AUT"]

1. e4 g6 2. d4 Bg7 3. Nc3 c5 4. Nf3 b6 5. dxc5 bxc5 6. Qd5 Nc6 7. Bc4 e6 8. Qxc5 Qa5 9. Qe3 Nb4 10. Bb3 Ba6 11. Bd2 Qc7 12. 0-0-0 Rb8 13. Kb1 Ne7 14. Na4 d6 15. Bc3 0-0 16. Bxg7 Kxg7 17. Qd4+ Kg8 18. Qxd6 1-0

[Event "AUT-chT2M 0809"]
[Site "Austria"]
[Date "2008.10.11"]
[Round "1.3"]
[White "Sandhu, Mario"]
[Black "Bachler, Reinhard"]
[Result "1-0"]
[WhiteElo "2292"]
[BlackElo "2241"]
[PlyCount "93"]
[EventDate "2008.10.11"]
[EventType "team-tourn"]
[EventRounds "11"]
[EventCountry "AUT"]
[SourceTitle "EXT 2009"]
[Source "ChessBase"]
[SourceDate "2008.11.26"]
[SourceVersion "1"]
[SourceVersionDate "2008.11.26"]
[SourceQuality "1"]
[WhiteTeam "Gleisdorf"]
[BlackTeam "Leoben"]
[WhiteTeamCountry "AUT"]
[BlackTeamCountry "AUT"]

1. Nf3 d5 2. e3 c6 3. c4 e6 4. b3 f5 5. Bb2 Nf6 6. Qc2 Bd6 7. h3 0-0 8. Be2 Qe7 9. Nc3 Ne4 10. 0-0 Nd7 11. Rac1 Ng5 12. Nxg5 Qxg5 13. f4 Qh6 14. Bf3 Nf6 15. Ne2 Bd7 16. Be5 Ba3 17. Rce1 a5 18. c5 Be8 19. Bd6 Rf7 20. Nc3 Rd7 21. Be5 Bxc5 22. Nxd5 exd5 23. Qxc5 Ne4 24. Qc2 Bh5 25. d3 Bxf3 26. Rxf3 Nf6 27. Rg3 Ne8 28. e4 fxe4 29. dxe4 Qe6 30. exd5 Qxd5 31. Kh2 Rad8 32. Re2 Rf7 33. Bc3 Qd7 34. Bxa5 Ra8 35. Bc3 Nc7 36. Rg4 Nd5 37. Be5 Raf8 38. Qc4 b5 39. Qd4 b4 40. Rd2 Ra8 41. Rg5 Ra5 42. h4 Qa7 43. Qxa7 Raxa7 44. h5 Kf8 45. Kg3 Rfd7 46. Re2 Nc3 47. Rf5+ 1-0